000 00615nam a2200193 a 4500
005 20210219151159.0
008 991125s1973 bar 000 0 spa u
020 _a843359334X
035 _aUPN01000029127
049 _aCG
050 4 _aDG797
_bR3.38
100 1 _aRapp, Francis
245 1 3 _aLa Iglesia y la vida religiosa en occidente a fines de la Edad Media /
_cFrancis Rapp ; tr. José Montserrat Torrents.
260 _aBarcelona, Esp. :
_bLabor,
_c1973.
300 _a345 p.
440 0 _aNueva clío.
_pLa historia y sus problemas ;
_v25
650 4 _aIGLESIA -
_xHISTORIA -
_xEDAD MEDIA
905 _aLibro
999 _c29127
_d29127